THE 80/20 MANAGER (Record no. 5616)
[ view plain ]
| 000 -LEADER | |
|---|---|
| fixed length control field | 00306nam a22001337a 4500 |
| 020 ## - INTERNATIONAL STANDARD BOOK NUMBER | |
| ISBN | 978-0-7499-5925-8 |
| 082 ## - DEWEY DECIMAL CLASSIFICATION NUMBER | |
| Classification number | 158 |
| Item number | KOC/E |
| 100 ## - MAIN ENTRY--AUTHOR NAME | |
| Personal name | KOCH,RICHARD |
| 245 ## - TITLE STATEMENT | |
| Title | THE 80/20 MANAGER |
| 260 ## - PUBLICATION, DISTRIBUTION, ETC. (IMPRINT) | |
| Place of publication | LONDON |
| Name of publisher | PIATKUS |
| 300 ## - PHYSICAL DESCRIPTION | |
| Number of Pages | 268 |
| 650 ## - SUBJECT ADDED ENTRY--TOPICAL TERM | |
| Topical Term | THE WAYS TO BECOME A GREAT LEADER |
| Geographic subdivision | LONDON |
| 942 ## - ADDED ENTRY ELEMENTS (KOHA) | |
| Koha item type | Books |
| Withdrawn status | Lost status | Collection code | Home library | Current library | Shelving location | Date acquired | Source of acquisition | Full call number | Accession Number | Koha item type |
|---|---|---|---|---|---|---|---|---|---|---|
| Reference | Main Library | Main Library | SHELF-17-I-BIOGRAPHIES & AUTOBIOGRAPHIES | 28/06/2013 | PURCHASE | 158 KOC/E | 07468 | Books |